00524nam a22001697a 450000500170000000800410001702000180005804000210007604100080009708200180010510000300012324500390015325000120019226000840020430000100028865000560029820230602155351.0230602b ||||| |||| 00| 0 eng d a9789382680079 aIN-DiNCcIN-DiNC dasm a891.4513bBAR aBaruah, Amarjyotieauthor aAnanda Jatak/cby Amarjyoti Baruah a1st ed. aNorth Guwahati:bAnundoram Borooah Institute of Language, Art & Culture,c2015. a208p. aBiographical novel on the life of Anundoram Borooah